000 01227cam a2200325 i 4500
001 56053
003 Mx-PuUPA
005 20240604091749.0
008 140415s2010 mx ad r 000 0 spa d
020 _a9786071502919
040 _erda
_aMx-PuUPA
_bspa
_cMx-PuUPA
_dMx-PuUPA
041 0 _aspa
100 1 _aHernández Sampieri, Roberto,
_eautor
_92476
245 1 0 _aMetodología de la investigación /
_cRoberto Hernández Sampieri, Carlos Fernández Collado, Pilar Baptista Lucio.
250 _aQuinta edición
264 1 _aMéxico, D.F. :
_bMcGraw-Hill/Interamericana Editores,
_c©2010
300 _axl, 613 páginas :
_bilustraciones, gráficas, tablas ;
_c28 cm. +
_e1 disco de computadora (4 3/4 pulg.)
336 _atexto
_2rdacontent
_btxt
337 _asin medio
_2rdamedia
_bn
337 _acomputadora
_2rdamedia
_bc
338 _avolumen
_2rdacarrier
_bnc
338 _adisco compacto
_2rdacarrier
_bcd
650 7 _aInvestigación científica
_xMetodología
_2armarc
700 1 _aFernández Collado, Carlos,
_d1953-
_eautor
_92473
700 1 _aBaptista Lucio, Pilar,
_eautor
_92477
942 _2ddc
_cLI
_h001.42
_iH535
999 _c56053
_d56053